| 000 | 01134cam a2200313Ia 4500 | ||
|---|---|---|---|
| 999 |
_c1895 _d1895 |
||
| 001 | 577862 | ||
| 003 | OSt | ||
| 005 | 20180921173025.0 | ||
| 008 | 020827s2000 ii b 000 0 eng d | ||
| 020 | _a8172145578 | ||
| 035 | _a(OCoLC)ocm50491494 | ||
| 035 | _a(OCoLC)ocm48841859 | ||
| 040 |
_aJET _cJET _dOCLCQ |
||
| 043 | _aa-ii--- | ||
| 049 | _aPTSS | ||
| 082 |
_a275.48 _bK975P |
||
| 090 |
_aBR1644.5.I4 _bS25 2000 |
||
| 100 | 1 |
_aSamuel Kutty, T. S., _d1961- |
|
| 245 | 1 | 4 |
_aThe place and contribution of dalits in select Pentecostal churches in central Kerala from 1922 to 1972 / _cby T.S. Samuel Kutty. |
| 260 |
_aDelhi : _bISPCK, _c2000. |
||
| 300 |
_a170 p. ; _c22 cm. |
||
| 500 | _aOriginally presented as the author's thesis (M. Th.)--United Theological College, Bangalore. | ||
| 504 | _aIncludes bibliographical references (p. [160]-170). | ||
| 650 | 0 |
_aDalits _zIndia _zKerala _xReligion. |
|
| 650 | 0 |
_aPentecostal converts _zIndia _zKerala _xSocial conditions. |
|
| 650 | 0 |
_aPentecostal churches _zIndia _zKerala _xHistory _y20th century. |
|
| 651 | 0 |
_aKerala (India) _xChurch history _y20th century. |
|
| 942 |
_2ddc _cBK |
||